Физическая химия: электронный курс
| Glavni avtor: | |
|---|---|
| Korporativna značnica: | |
| Izvleček: | Заглавие с экрана В курсе «Физическая химия» представлены законы и понятия физической химии для анализа металлургических процессов, природа фазовых равновесий в металлургических системах, термодинамический анализ. Доступ по логину и паролю |
| Jezik: | ruščina |
| Izdano: |
Томск, TPU Moodle, 2016
|
| Teme: | |
| Online dostop: | https://design.lms.tpu.ru/course/view.php?id=1473 |
| Format: | MixedMaterials Elektronski Knjiga |
| KOHA link: | https://koha.lib.tpu.ru/cgi-bin/koha/opac-detail.pl?biblionumber=666063 |
MARC
| LEADER | 00000nlm0a2200000 4500 | ||
|---|---|---|---|
| 001 | 666063 | ||
| 005 | 20231224120735.0 | ||
| 035 | |a (RuTPU)RU\TPU\network\37267 | ||
| 035 | |a RU\TPU\network\17075 | ||
| 090 | |a 666063 | ||
| 100 | |a 20211201d2016 m y0rusy50 ca | ||
| 101 | 0 | |a rus | |
| 102 | |a RU | ||
| 105 | |a a j 000zy | ||
| 135 | |a jrcn ---uucaa | ||
| 181 | 0 | |a i | |
| 182 | 0 | |a b | |
| 200 | 1 | |a Физическая химия |e электронный курс |f А. П. Родзевич |g Национальный исследовательский Томский политехнический университет (ТПУ), Юргинский технологический институт (филиал) (ЮТИ), Кафедра металлургии и черных металлов (МЧМ) | |
| 203 | |a Текст |c электронный | ||
| 210 | |a Томск |c TPU Moodle |d 2016 | ||
| 300 | |a Заглавие с экрана | ||
| 330 | |a В курсе «Физическая химия» представлены законы и понятия физической химии для анализа металлургических процессов, природа фазовых равновесий в металлургических системах, термодинамический анализ. | ||
| 333 | |a Доступ по логину и паролю | ||
| 606 | 1 | |a Физическая химия |2 stltpush |3 (RuTPU)RU\TPU\subj\67669 |9 83390 | |
| 610 | 1 | |a электронный ресурс | |
| 610 | 1 | |a труды учёных ТПУ | |
| 610 | 1 | |a электронное обучение | |
| 610 | 1 | |a электронные курсы ТПУ | |
| 610 | 1 | |a учебные пособия | |
| 610 | 1 | |a электронные учебные пособия | |
| 610 | 1 | |a термодинамика | |
| 610 | 1 | |a фазовые равновесия | |
| 610 | 1 | |a растворы | |
| 610 | 1 | |a электролиты | |
| 610 | 1 | |a поверхностные явления | |
| 610 | 1 | |a кинетика | |
| 610 | 1 | |a массоперенос | |
| 675 | |a 544(075.8) |v 3 | ||
| 700 | 1 | |a Родзевич |b А. П. |c специалист в области машиностроения |c доцент Юргинского технологического института (филиала) Томского политехнического университета, кандидат физико-математических наук |f 1967- |g Александр Павлович |3 (RuTPU)RU\TPU\pers\27497 |9 12751 | |
| 712 | 0 | 2 | |a Национальный исследовательский Томский политехнический университет (ТПУ) |b Юргинский технологический институт (филиал) (ЮТИ) |b Кафедра металлургии и черных металлов (МЧМ) |3 (RuTPU)RU\TPU\col\18892 |
| 801 | 2 | |a RU |b 63413507 |c 20220627 |g RCR | |
| 856 | 4 | |u https://design.lms.tpu.ru/course/view.php?id=1473 | |
| 942 | |c CF | ||